000 00295nam a22001337a 4500
008 170616b xxu||||| |||| 00| 0 eng d
020 _a9780195075946
041 _aeng
080 _a32
100 _a20
101 _aSHP
245 _aENVIRONMENTAL DIPLOMACY
_cSUSSKING, L.E
942 _2udc
_cBK
999 _c17744
_d17744